Celik Wang : (Record no. 133)

000 -LEADER
fixed length control field nam a22 a 4500
003 - CONTROL NUMBER IDENTIFIER
control field AKMAL
005 - DATE AND TIME OF LATEST TRANSACTION
control field 20170420111804.0
008 - FIXED-LENGTH DATA ELEMENTS--GENERAL INFORMATION
fixed length control field 170420s2009 my a g | 000 0 may d
020 ## - INTERNATIONAL STANDARD BOOK NUMBER
International Standard Book Number 9789834400415
040 ## - CATALOGING SOURCE
Original cataloging agency AKMAL
082 04 - DEWEY DECIMAL CLASSIFICATION NUMBER
Classification number 332.49595
Edition number 22
090 00 - LOCALLY ASSIGNED LC-TYPE CALL NUMBER (OCLC); LOCAL CALL NUMBER (RLIN)
Classification number (OCLC) (R) ; Classification number, CALL (RLIN) (NR) 332.49595
Local cutter number (OCLC) ; Book number/undivided call number, CALL (RLIN) AKPK
245 00 - TITLE STATEMENT
Title Celik Wang :
Remainder of title Pengurusan Wang Secara Bijak
264 #1 - PRODUCTION, PUBLICATION, DISTRIBUTION, MANUFACTURE, AND COPYRIGHT NOTICE
Place of production, publication, distribution, manufacture Kuala Lumpur :
Name of producer, publisher, distributor, manufacturer Agensi Kaunseling dan Pengurusan Kredit,
Date of production, publication, distribution, manufacture, or copyright notice 2009
300 ## - PHYSICAL DESCRIPTION
Extent 138 pages :
Other physical details colour illustrations ;
Dimensions 21 cm
504 ## - BIBLIOGRAPHY, ETC. NOTE
Bibliography, etc. note Bibliography : page 138
650 10 - SUBJECT ADDED ENTRY--TOPICAL TERM
Topical term or geographic name entry element Finance, Personal
9 (RLIN) 336
650 20 - SUBJECT ADDED ENTRY--TOPICAL TERM
Topical term or geographic name entry element Credit
General subdivision Management
9 (RLIN) 337
710 2# - ADDED ENTRY--CORPORATE NAME
Corporate name or jurisdiction name as entry element Agensi Kaunseling dan Pengurusan Kredit
9 (RLIN) 338
942 ## - ADDED ENTRY ELEMENTS (KOHA)
Source of classification or shelving scheme
Koha item type Book
Holdings
Withdrawn status Lost status Source of classification or shelving scheme Damaged status Not for loan Collection code Home library Current library Shelving location Date acquired Inventory number Total Checkouts Full call number Barcode Date last seen Price effective from Koha item type
          NON-FICTION AKMAL Melaka AKMAL Melaka PINJAMAN 20.04.2017 306060   332.49595 AKPK 201700274 20.04.2017 20.04.2017 Book
          NON-FICTION AKMAL Melaka AKMAL Melaka PINJAMAN 20.04.2017 306062   332.49595 AKPK 201705535 11.05.2017 20.04.2017 Book
          NON-FICTION AKMAL Melaka AKMAL Melaka PINJAMAN 20.04.2017 306061   332.49595 AKPK 201705536 11.05.2017 20.04.2017 Book
Pusat Sumber Maklumat Dato' Haji Sarmin Md Hussin, Akademi Kastam Diraja Malaysia, Melaka
Tel: 06-2331106 | Faks: 06-2313787